[Event "Linares 16th"]
[Site "Linares"]
[Date "1999.02.26"]
[Round "5"]
[White "Leko, Peter"]
[Black "Ivanchuk, Vassily"]
[Result "1-0"]
[WhiteElo "2694"]
[BlackElo "2714"]
[Annotator "Ribli,Z"]
[PlyCount "79"]
[EventDate "1999.02.21"]
[EventType "tourn"]
[EventRounds "14"]
[EventCountry "ESP"]
[EventCategory "20"]
[SourceTitle "CBM 070"]
[Source "ChessBase"]
[SourceDate "1999.06.08"]
[SourceVersion "1"]
[SourceVersionDate "1999.06.08"]
[SourceQuality "1"]

{[%mdl 4128]} 1. e4 c5 2. Nf3 Nc6 3. d4 cxd4 4. Nxd4 e6 5. Nb5 {Die
Alternative 5.Nc3 ist beliebter, aber der junge ungarische Großmeister spielt
den Textzug gerne. Ribli.} d6 6. Bf4 {Die andere Möglichkeit wäre 6.c4 mit
weißem Raumvorteil, aber der Textzug provoziert die Schwächung des Feldes d5.}
e5 7. Be3 {[%csl Gd5]} Be7 {Ein relativ selten gespielter Zug.} (7... Nf6 $6 8.
Bg5 Be6 9. Bxf6 gxf6 10. Nd2 d5 $6 11. exd5 Bxd5 12. Bc4 $1 a6 13. Bxd5 axb5
14. Bb3 $6 (14. Ne4 $1 Be7 $8 15. c3 $16) 14... Nd4 $1 15. O-O (15. c3 $6 Nxb3
16. Qxb3 Qd3 $1) 15... Nxb3 16. axb3 $1 {1-0 Leko,P-Portisch,L/Magyarorszag 
(ch) 1997/Inf 71/[Leko,P] (52)}) (7... a6 {Dieser Zug ist die prinzipielle
Fortsetzung.}) 8. N1c3 (8. Nd2 Nf6 $5 9. Bg5 O-O 10. Bxf6 Bxf6 11. Nc4 Nd4 $1
$146 (11... Be6 {- 46/(229)}) 12. Nc3 Be6 13. Bd3 d5 14. exd5 Bxd5 15. Nxd5
Qxd5 16. Ne3 Qc6 17. Qg4 g6 18. Qe4 Bg7 19. Qxc6 Nxc6 {1/2-1/2 Hansen,
S-Mortensen,E/Kobenhavn 1997/Inf 70 (19)}) 8... Nf6 9. Bg5 a6 {Wir haben eine
Stellung, die sehr typisch in der Sweschnikov-Variante der Sizilianische
Verteidigung (1.e4 c5 2.Nf3 Nc6 3.d4 cxd4 4.Nxd4 Nf6 5.Nc3 e5 6.Ndb5 d6 7.Bg5
a6) ist, aber in unserer Stellung hat Schwarz ein "Extra-Tempo", den Zug Be7.
In Wirklichkeit aber stände der Läufer besser auf f8, denn in diesem Fall kann
Schwarz in einigen Varianten ...Bg7 spielen.} 10. Bxf6 gxf6 {10...Bxf6 geht
nicht wegen 11.Nxd6+.} 11. Na3 f5 12. exf5 $1 $146 {Nach diesem starken
positionellen Zug hat Weiß die Strategie, auf den weißen Feldern zu spielen
und dazu wenn möglich die weißfeldrigen Läufer zu tauschen.} (12. Bc4 Nd4 (
12... fxe4 13. Qh5 O-O 14. O-O-O Nd4 15. Nxe4 Bf5 16. Bd5 Bg6 17. Qh3 Qa5 $36 {
Rodin,M-Shariyzdanov,A/RUS-sf/1995}) 13. Qh5 O-O 14. Bd5 fxe4 15. Nxe4 Bf5 16.
O-O Bg6 17. Qd1 Kh8 18. c3 Ne6 $15 {Polgar,J-Ivanchuk,V/Monaco rapid/1993})
12... Nd4 (12... Bxf5 13. Nd5 $1 {[%csl Gd5]}) 13. Nc4 (13. Bd3 $6 d5 $13)
13... Bxf5 14. Bd3 (14. Ne3 Bg6 (14... Be6) 15. Bd3 f5) 14... Be6 15. O-O $14 {
Weiß hat eine gesunde Stellung. Sein Standardplan ist Ne3 / Ncd5 und wenn
möglich c2-c3.} Rc8 16. Ne3 d5 (16... O-O 17. Ncd5 Bg5 18. c3 $16 {[%csl Gd5]})
17. Qh5 e4 (17... Qd6 18. Rad1 $14 {[%cal Gd1d6]}) 18. Be2 (18. Qe5 $4 Bf6 $19)
18... Nxe2+ (18... Bf6 19. Bg4 $14) 19. Nxe2 d4 $6 {Dieser aggressive Zug
hilft nur Weiß. Es wäre besser, die Entwicklung zu beenden, aber auch in
diesem Fall wäre die Stellung besser für Weiß.} (19... O-O 20. Rad1 $14) 20.
Nf5 (20. Nf4 Rc5 $1 (20... dxe3 21. Nxe6 $36) 21. Nxe6 Rxh5 22. Nxd8 {[%csl
Rd8]} dxe3 23. Nxb7 exf2+ 24. Rxf2 Rb5 {[%csl Rb7]}) 20... Rc5 (20... Bxf5 21.
Qxf5 Rxc2 22. Qxe4 d3 23. Nf4 $16 {[%csl Re8]}) (20... Bf6 21. Rad1 $36) 21.
Ng7+ Kd7 (21... Kf8 $2 22. Qh6 $18) 22. Nxe6 Rxh5 (22... fxe6 23. Qg4 $16) 23.
Nxd8 Rxd8 24. Rad1 {[%csl Rd4,Rd7]} Kc7 25. Rxd4 (25. Nxd4 Rhd5 26. c3 Bf6)
25... Rxd4 26. Nxd4 {Weiß besitzt einen Mehrbauern, sowie eine gesunde
Bauernstruktur, aber Schwarz entfaltet etwas Aktivität.} Bf6 {[%cal Gf6b2]} 27.
c3 Ra5 28. f3 $1 {[%cal Gf1f7]} (28. a3 Bxd4 29. cxd4 Ra4 30. Rd1 Kd6 $11)
28... Bxd4+ 29. cxd4 e3 (29... Rxa2 30. fxe4 Rxb2 31. Rxf7+ $16) 30. a3 $16 (
30. Re1 $2 Rxa2 31. Rxe3 Rxb2 32. Re7+ Kd6 33. Rxf7 a5 $17) 30... Rb5 31. b4 a5
32. bxa5 Kd6 {Schwarz hat schon zwei Bauern weniger, aber eine sehr aktive
Stellung, was besonders in Turmendspielen wichtig ist.} (32... Rxa5 33. Rc1+
Kd6 34. Rc3 Kd5 35. Rxe3 Kxd4 36. Re7 $16 {[%cal Re7b7,Re7h7]}) 33. Re1 Rb3 {
[%csl Gb3] Der schwarze Turm steht ausgezeichnet. Er verteidigt den e3-Bauern
und es hängt a3.} 34. Kf1 {[%csl Ra3] Weiß hat nichts besseres, er bekommt den
e3-Bauern für a3 und a5.} Rxa3 35. Ke2 Rxa5 36. Kxe3 Ra2 {[%cal Ra2h2]} 37. Rb1
(37. Re2 $5 Ra3+ 38. Ke4) 37... Rxg2 38. Rxb7 Rxh2 39. Rxf7 h5 40. Ke4 $138 {
Dramatischer Moment. Ivanchuk hatte hier noch 8 Minuten, überschritt aber die
Zeitkontrolle ohne Zug. Eine Runde zuvor hatte er gegen Adams, allerdings in
gewonnener Stellung(!), ebenso verloren.} (40. Ke4 h4 41. Rh7 $16 {Die
schwarze Stellung ist schwierig, aber in Turmendspielen gibt es immer Hoffnung.
}) 1-0

[Event "Interzonal-16"]
[Site "Biel"]
[Date "1993.??.??"]
[Round "5"]
[White "Illescas Cordoba, Miguel"]
[Black "Portisch, Lajos"]
[Result "0-1"]
[WhiteElo "2625"]
[BlackElo "2585"]
[Annotator "Ribli,Z"]
[PlyCount "80"]
[EventDate "1993.07.16"]
[EventType "swiss"]
[EventRounds "13"]
[EventCountry "SUI"]
[SourceTitle "CBM 037"]
[Source "ChessBase"]
[SourceDate "1993.12.01"]
[SourceVersion "1"]
[SourceVersionDate "1993.12.01"]
[SourceQuality "1"]

1. e4 c5 2. Nf3 Nc6 3. d4 cxd4 4. Nxd4 Qc7 5. Nb5 Qb8 6. c4 Nf6 7. N5c3 b6 $1
8. Be2 (8. f4 e5 $1) 8... Bb7 9. O-O e6 10. Be3 $1 (10. f4 $2 Bc5+ 11. Kh1 Nd4
$17) (10. a3 $6) 10... Bc5 11. Bxc5 bxc5 {><d4} 12. f4 d6 13. Nd2 O-O 14. Bd3
$13 Nd4 15. Qe1 $1 $132 Bc6 16. Rb1 (16. b3 $2 Qb4 $1 17. Rc1 a5 $40) 16... Re8
(16... a5 $142 17. Qh4 h6 $10) 17. Qh4 h6 18. Rf2 $1 {><b2} a5 19. Nf1 a4 20.
Re1 a3 $6 (20... Qd8 $1 $13) 21. b3 Qd8 (21... Qb4 22. Re3 $1 Nxb3 (22... Qxc3
23. e5 $16) 23. e5 $1 (23. axb3 $2 Qxc3 24. e5 a2 $19) 23... dxe5 24. fxe5 $16)
22. e5 (22. Ne3 $142 $14) 22... Nd7 (22... dxe5 23. fxe5 Nd7 24. Qf4 $5) 23.
Qh5 dxe5 24. fxe5 Rf8 {/\ Qg5} 25. Ne4 $1 (25. h4 $6 f5 $1 26. exf6 Rxf6 27.
Rxf6 Qxf6 $15) 25... Nf5 $1 {><e5} (25... Qe7 26. Nf6+ $1 $40) 26. Rxf5 $2 (26.
Neg3 Nxg3 27. Nxg3 $13) 26... exf5 27. Qxf5 Ra6 $1 $17 (27... Qe7 $4 28. Nf6+
$18) (27... g6 28. Qh3 $40) (27... Bxe4 28. Bxe4 g6 29. Qh3 $1 Ra7 (29... Ra6
30. Rd1 Re6 31. Qxh6 $44) 30. e6 $40) 28. Nfg3 (28. e6 fxe6 29. Qxe6+ Kh8 30.
Nd6 Qf6 $17) (28. Nd6 g6 29. Qf4 Qg5 30. Qxg5 hxg5 31. e6 fxe6 32. Rxe6 Rf6 33.
Re8+ Nf8 34. Rd8 Ra8 $17) (28. Ne3 $1 g6 29. Qf4 Bxe4 30. Bxe4 h5 $1 (30... Qg5
31. Qxg5 hxg5 32. Ng4 Re8 33. Bd5 Kg7 $15) 31. Rd1 Qe7 $17) 28... Bxe4 29. Nxe4
Qe7 $1 30. Nc3 g6 31. Nd5 Qh4 $1 32. Re4 Qxh2+ $1 33. Kxh2 gxf5 34. Ne7+ Kh8
35. Nxf5 Re6 36. Rh4 Nxe5 37. Be4 Kg8 $1 38. Kh3 (38. Bd5 $142) 38... Ng6 $19
39. Nxh6+ Kg7 40. Nf5+ Kf6 0-1

[Event "Linares 22nd"]
[Site "Linares"]
[Date "2005.03.10"]
[Round "14"]
[White "Leko, Peter"]
[Black "Vallejo Pons, Francisco"]
[Result "1/2-1/2"]
[WhiteElo "2749"]
[BlackElo "2686"]
[Annotator "Roiz,M"]
[PlyCount "134"]
[EventDate "2005.02.23"]
[EventType "tourn"]
[EventRounds "14"]
[EventCountry "ESP"]
[EventCategory "20"]
[SourceTitle "CBM 106"]
[Source "ChessBase"]
[SourceDate "2005.06.06"]
[SourceVersion "1"]
[SourceVersionDate "2005.06.06"]
[SourceQuality "1"]

1. e4 c5 2. Nf3 Nc6 3. d4 cxd4 4. Nxd4 e5 5. Nb5 a6 {A very rare guest in the
modern practice.} ({The main lines are:} 5... d6 6. c4 ({or} 6. N1c3 a6 7. Na3
b5 8. Nd5) 6... Be7 7. N1c3 a6 8. Na3) 6. Nd6+ Bxd6 7. Qxd6 Qf6 8. Qd2 {
White opts for an agressive plan of development which connected with a
''fianchetto'' of Bc1. However,it looks like black has a sufficient resourses
of counterplay against that plan.} ({It's well known,that the endgame after:} 
8. Qxf6 Nxf6 9. Nc3 d5 {is O.K for black.}) (8. Qa3) (8. Qc7) ({and} 8. Qd1 Qg6
9. Nc3 Nge7 10. Be3 ({or} 10. h4)) 8... Nge7 9. Nc3 d6 {Black prepares a quick
development of his pieces.} ({Another possible continuation here is:} 9... Qg6
{preventing white from developing his Bf1.}) 10. b3 $146 {That logical move is
new according to my database. White is intending to complete the development
of his queen-side pieces in order to put pressure on Pd6.} ({The following
alternatives doesn't promise white anything special:} 10. Bc4 O-O 11. O-O Be6
12. Nd5 Qg6 13. f3 Rac8 14. Bd3 f5 15. Nxe7+ Nxe7 16. Qb4 fxe4 17. Bxe4 Bf5
$132 {0-1 Sax,G-Zecevic,D/Bizovac CRO 2005 (29)}) (10. Bd3 Be6 11. O-O Rd8 12.
Qg5 Qxg5 13. Bxg5 Nb4 14. Rfd1 f6 15. Be3 d5 16. Bb6 Rd7 17. exd5 Nexd5 18.
Nxd5 Nxd5 19. Ba5 Kf7 $11 {1/2-1/2 Hort,V-Sosonko,G/Amsterdam 1980/MCL (31)})
10... O-O 11. Bb2 Be6 ({After} 11... b5 12. Bd3 Be6 13. O-O $14 {[%cal Gf2f4]
white's prospects looks a bit better.}) 12. Nd5 {That leads to a significant
simplifications.} ({More ambitious would be:} 12. O-O-O Nd4 (12... Rac8 13. Nd5
Bxd5 (13... Qg6 14. Bd3 $1 (14. Nxe7+ Nxe7 15. Qxd6 Qxe4 16. Bd3 Qf4+ 17. Kb1
Nc6 $132) 14... Qxg2 $140 15. Rhg1 Qh3 16. Nxe7+ Nxe7 17. f4 $36) 14. exd5 Nd4
15. Bxd4 exd4 16. Qxd4 Nxd5 17. Qxf6 Nxf6 18. Bd3 $14 (18. Rxd6 Ne4 19. Rd7
Nxf2 20. Rg1 Rcd8 21. Rxd8 Rxd8 22. Bc4 $14)) (12... a5 13. a3 Rac8 14. Nd5
Bxd5 15. exd5 Nd4 16. Bxd4 exd4 17. Qxd4 Qh6+ 18. Kb2 Rc5 {[%cal Gf8c8]} 19.
Qe4 Rfc8 20. c4 Qf6+ 21. Qd4 Nxd5 22. Be2 $14) 13. Ne2 (13. f4 Rac8 14. f5 Bd7
15. g4 Qh4 $132) 13... Nxe2+ 14. Qxe2 (14. Bxe2 $6 Qxf2 15. Qxd6 Qxe2 $15)
14... Rfd8 $132) ({Ofcourse,} 12. Qxd6 $6 Rfd8 13. Qc5 Nd4 14. Bd3 Ng6 $36 {
is very dangerous for white.}) 12... Qh4 $1 {An accurate move which doesn't
allows white to play f2-f3 and practically forces him to exchenge the knights.}
(12... Qg6 $143 13. Nxe7+ Nxe7 14. f3 Rad8 15. Bd3 f5 16. O-O $14) 13. Nxe7+ ({
An interesting position could arise after:} 13. O-O-O $5 Qxe4 14. Nxe7+ Nxe7
15. Qxd6 (15. f3 $5 Qf5 (15... Qc6 16. Qxd6 Rac8 17. Qxc6 Nxc6 18. Bd3 $14) 16.
Qxd6 Nc6 17. Qd2 $132) 15... Nc6 16. f3 $132 {In my opinion,white has some
chances of getting an advantage due to pair of the bishops. That means,that
black should play very energetically in order to take advantage of his active
pieces.}) 13... Nxe7 14. Bd3 {A harmless continuation.} ({White could still
get a more complicated position after:} 14. O-O-O Qxe4 {--> see comments to 13.
0-0-0}) 14... d5 $1 {That typical advance is strong here,since black has some
development advantage.} ({Another active continuation was weaker:} 14... f5
$143 15. exf5 Bxf5 16. O-O (16. O-O-O Bxd3 17. Qxd3 Rxf2 18. Qxd6 Nc6 $132)
16... Rad8 17. Rae1 $14 {with some advantage of white due to preferablity of
the pawn structure.}) 15. Qe3 {That allows black to seize a space with a tempo,
but white intents to trade the queens.} ({Black is out of danger after} 15.
exd5 Bxd5 16. O-O-O Bxg2 17. Rhg1 Bf3 18. Bxe5 Ng6 $11) ({As well,black has
nothing to worry about after} 15. Qe2 Bg4 (15... d4 16. O-O Ng6 17. g3 Qg5 $132
) 16. Qe3 d4 17. Qg3 Qxg3 18. hxg3 Nc6 $11) 15... d4 {Restricting the Bc1.} 16.
Qg3 Qxg3 17. hxg3 Nc6 $11 {The endgame is quite acceptable for black,since
white's bishops are not powerful.} 18. c3 {That move is more or less forced,
since white has no other way of activating his dark-squared bishop.} ({Nothing
gives:} 18. f4 f6 $11) 18... Rfd8 19. Ke2 a5 $5 {A typical advance for that
pawn structures-black wants to simplify the position by exchanging the
queen-side pawns.} ({Possible was also:} 19... dxc3 20. Bxc3 Nd4+ 21. Ke3 Rd7
22. Rac1 (22. Rhd1 Rc8 23. Rac1 Rdc7 $11) 22... Rad8 23. Rhd1 Nc6 24. Be2 Rxd1
25. Rxd1 Rxd1 26. Bxd1 f6 $11) 20. cxd4 Nxd4+ 21. Ke3 a4 {A logical
continuation of black's idea.} ({Good enough was also:} 21... Rd7 22. Rac1 Rad8
23. Rhd1 f6 {For instance,} 24. Rd2 Kf7 25. f4 Ke7 26. fxe5 fxe5 27. Rc5 b6 28.
Rxe5 Nc2+ 29. Rxc2 Rxd3+ 30. Ke2 Rxg3 $11) 22. f4 f6 ({The alternative was:} 
22... axb3 23. axb3 ({after} 23. f5 bxa2 $1 (23... Bd7 24. axb3 Rxa1 25. Bxa1
Bc6 26. b4 $14) 24. fxe6 fxe6 {[%cal Gd4b3] black is not worse.}) 23... exf4+
24. gxf4 Rxa1 25. Rxa1 Nxb3 26. Ra7 Nc5 27. Bc2 $44 {and white has an
excellent compensation for a pawn.}) 23. bxa4 ({An equal position would arise
also after:} 23. fxe5 fxe5 24. Rh5 Nc6 $11) 23... Rxa4 {All black's pieces are
quite active,so white should be careful.} 24. Rhc1 Rxa2 ({Possible was also:} 
24... b6 25. Rc7 (25. a3 Nb3 26. Rc6 Bd7 27. Bc4+ Rxc4 28. Rxc4 Nxa1 $11) 25...
Rxa2 26. Rxa2 Bxa2 27. Rb7 Rd6 28. Ba3 Rc6 $11) 25. Rxa2 Bxa2 26. fxe5 fxe5 27.
Rc5 {That is the point-black cannot keep the extra pawn.} Nc6 {A correct
way-black should exchange one of white's bishops.} 28. Bxe5 Nxe5 29. Rxe5 {
White's position is a bit better due to activity of his king. Ofcourse,black
should easily hold on.} Kf8 30. Rh5 {Provoking black's next move in order to
advance the ''g'' pawn later.} (30. Rb5 Rd7 31. e5 Rd5 $11) 30... h6 31. Rb5
Rd7 32. g4 Be6 {Black has completely consolidated.} 33. g5 {So,white has
finally realized his idea-he exchanges one of his doubled pawns. At the same
time,now there is no much material on the board.} hxg5 34. Rxg5 Rc7 {An
additional accurate move-it's important to take control of ''c'' file.} ({
Less convincing would be:} 34... Kf7 $6 35. Rc5 {[%cal Gd3b5]} Re7 36. Kf4 $14)
35. Kd4 Kf7 36. Rb5 Rd7+ {Now allowing white to advance his monarch.} 37. Ke3
Rc7 38. Rb6 Ke7 39. Kd4 Bc8 {A passive,but sufficient way.} ({Now} 39... Rd7+
$6 {is inaccurate in view of:} 40. Ke5 {and white makes some progress.}) 40.
Bc4 Rc6 41. Rb2 Rg6 {Taking control of Pg2 and preparing b7-b6. The rook is
placed well at g6.} 42. Bd5 b6 43. g3 {White has no other way to activate his
rook.} ({Or} 43. Rf2 Be6 44. Rc2 Bxd5 45. exd5 Rg4+ 46. Ke5 Rg5+ $11) 43...
Rxg3 44. Rxb6 Rg1 45. Rb8 Bd7 46. Rb7 {White has ideally placed all his pieces,
but he has no additional resourses.} Kd8 47. Ra7 Rg2 {Black is just waiting!
He is not advancing the Pg7 in order to leave an opportinuty of checks...} 48.
Ke5 Rg5+ {And that comes!} 49. Kd6 Rg6+ 50. Kc5 Rg5 {Now the draw is obvious.}
51. Rb7 Rh5 52. Rb6 Rg5 53. Ra6 Ke7 54. Kd4 Rg1 55. Ra7 Kd8 56. Bc4 Rg4 57. Kd5
Rg6 58. Kc5 Rc6+ 59. Kd4 Rg6 {The position hasn't changed much since 47th move.
} 60. e5 Be6 61. Bb5 (61. Bxe6 {leads to a well-known drawn position after:}
Rxe6 62. Rxg7 Ra6 63. Kd5 Ke8 $11) 61... Rg1 {The last accuracy-it's important
to prevent white from advancing the king.} 62. Kc5 Rd1 63. Rxg7 ({After} 63.
Bc6 g5 $11 {black's passed Pg4 is not less dangerous than Pd5.}) 63... Rd5+ 64.
Kc6 Rxe5 65. Rh7 Rf5 66. Kd6 Rd5+ 67. Kxe6 Rxb5 1/2-1/2

[Event "RUS-ch sf 58th"]
[Site "Kazan"]
[Date "2005.09.10"]
[Round "8"]
[White "Galliamova, Alisa"]
[Black "Tregubov, Pavel V"]
[Result "1-0"]
[WhiteElo "2453"]
[BlackElo "2607"]
[Annotator "Roiz,M"]
[PlyCount "61"]
[EventDate "2005.09.03"]
[EventType "swiss"]
[EventRounds "9"]
[EventCountry "RUS"]
[SourceTitle "CBM 109"]
[Source "ChessBase"]
[SourceDate "2005.11.14"]
[SourceVersion "1"]
[SourceVersionDate "2005.11.14"]
[SourceQuality "1"]

1. e4 c5 2. Nf3 Nc6 3. d4 cxd4 4. Nxd4 e5 5. Nb5 d6 6. c4 ({Another
fashionable continuation here is-->} 6. N1c3 a6 7. Na3 b5 8. Nd5) 6... Be7 7.
Be3 $5 {A very rare move in such a known theoretical position. White is
waiting with the development of the Nb1, leaving the square c3 for the second
knight.} ({The alternatives are:} 7. b3) (7. Be2) (7. Bd3) ({and} 7. N1c3 a6 8.
Na3) 7... f5 {A fashionable method of playing this variation. Pavel has a
serious experience of making that move after 7.b3.} (7... Be6 8. Qd2 (8. Be2 a6
9. N5c3 Bg5 10. Qd2 Bxe3 11. Qxe3 Nge7 12. Nd2 Nd4 13. Rc1 Nec6 14. O-O O-O $11
{1-0 Pilgaard,K-Ziska,B/Aarhus 1996/EXT 98 (41)}) 8... Nf6 (8... h6 {[%cal
Ge7g5]} 9. N1c3 a6 10. Na3 Bg5 11. Nc2 Bxe3 12. Qxe3 Nf6 13. Rd1 $14) 9. f3 h6
10. N1c3 a6 11. Na3 Nd7 12. Be2 Rc8 13. Nc2 O-O 14. O-O $14 {1-0 Grischuk,
A-Markarov,A/Ufa 1996/EXT 2002 (48)}) 8. exf5 Bxf5 9. Bd3 $146 {A logical
continuation-the exchange of the light-squared bishops is usually in White's
favour due to the weakness of the light squares in Black's camp.} (9. N1c3 a6
10. Na3 Nf6 11. Be2 O-O 12. O-O Rc8 13. Rc1 Kh8 14. Nd5 Nxd5 15. cxd5 $14 {
1-0 Albert,K-Rajcsanyi,Z/Hungary 1994/TD (58)}) 9... Be6 ({After} 9... Bxd3 10.
Qxd3 Nf6 11. N5c3 O-O 12. O-O $14 {White has some strategical advatage.}) 10.
O-O Nf6 {Black has a comfortable development which compensates some drawbacks
of his pawn structure.} 11. Nd2 $6 {That shy move is not the best way to fight
for the advantage.} ({Much more logical would be:} 11. N1c3 $142 a6 (11... O-O
12. Nd5 $14) 12. Na3 O-O 13. Nd5 $1 {In my opinion, White has the better
chances. For instance,} e4 (13... Nxd5 14. cxd5 Bxd5 15. Bxh7+ Kxh7 16. Qxd5
$14) 14. Bc2 {[%cal Ge3b6]} Bxd5 (14... Rc8 15. Nxf6+ Bxf6 16. Bxe4 Bxb2 17.
Bxh7+ Kxh7 18. Qc2+ $16) 15. cxd5 Ne5 (15... Nb4 $2 16. Bxe4 Nxe4 17. Qd4 $16)
16. Qd4 Qd7 17. Bxe4 Nxe4 18. Qxe4 Rae8 $14 {and Black has no sufficient
compensation for a pawn.}) 11... Qd7 $6 {That move is logical- Black is
connecting the rooks. However, he should play more energetically in order to
equalize.} ({More to the point was:} 11... O-O $142 12. Rc1 Nb4 $1 (12... d5
13. cxd5 Nxd5 14. Bc4 {[%cal Gd2e4]} Bf7 15. Qe2 $14) 13. Bb1 d5 14. cxd5 Nbxd5
$11 {and Black's position is by no means worse.}) 12. Rc1 O-O ({Now} 12... d5 {
doesn't solve all the problems:} 13. cxd5 Nxd5 14. Bc4 O-O 15. Ne4 $14) 13. Ne4
$1 {It's important to swap the knights in order to take control of the light
squares.} Kh8 {A useful prophylactic move.} ({The alternatives were hardly
better:} 13... Nxe4 14. Bxe4 a6 15. Na3 (15. Qh5 $2 Rf5 $3 16. Bxf5 Bxf5 {
[%cal Gf5g4]} 17. Nc7 g6 18. Qxf5 gxf5 19. Nxa8 Qd8 20. Nb6 f4 $19) 15... Rac8
16. Qd3 $14) (13... Nb4 14. Nxf6+ Rxf6 15. Bb1 a6 (15... Bxc4 16. Rxc4 Qxb5 17.
Rh4 $36) 16. Na3 Raf8 17. Qe2 $14) 14. Nxf6 Rxf6 15. Bg5 $6 {I don't see the
reason for swapping the dark-squared bishops, as it will weaken the square d4.}
({It was the right moment for delivering the knight:} 15. Nc3 {[%cal Gc3d5]}
Raf8 16. Nd5 R6f7 17. Qh5 Bf5 18. Bxf5 Rxf5 19. Qg4 $14) 15... Rff8 16. Bxe7
Qxe7 17. Be4 (17. Qh5 Bg8 $11) 17... Rad8 18. Qd3 a6 19. Nc3 Qh4 $11 {[%csl
Rd4][%cal Gc6d4] Finally Black has successfully solved his problems.} 20. Rcd1
Rf6 {That is not a serious mistake yet, but the idea of delivering the rook to
the king-side is pointless.} ({I would prefer:} 20... Nd4 $5 21. Bxb7 $140 $4
Bxc4 22. Qxc4 Nf3+ $19 {[%csl Rc4][%cal Gh4c4]}) 21. b3 Nd4 $2 {That sacrifice
was probably connected with wrong calculations.} ({At the same time Black
could get normal play due to control of the square d4:} 21... Rd7 $142 22. Nd5
(22. Rd2 Nd4 23. Ne2 d5 24. cxd5 Bxd5 25. Bxd5 Rxd5 $11) 22... Rh6 23. h3 Rf7
$132 {[%cal Gc6d4]}) 22. Bxb7 {White accepts the challenge, since his king is
quite safe.} Bg4 $2 {A loss of time.} ({Better was:} 22... Rdf8 $142 23. Qg3
Qh5 24. Be4 $16 {and the activity of Black's pieces makes White's task much
more difficult.}) 23. f3 Rh6 $6 {A desperation! Black has no compensation for
the pawn, so he tries to complicate matters.} ({Of course, after} 23... Bf5 24.
Qd2 (24. Be4 Rh6 25. Bxf5 Qxh2+ 26. Kf2 Qh4+ 27. Kg1 Qh2+ $11) 24... Rh6 25. g3
Qh3 26. Rf2 $18 {White's position is winning from a technical point of view,
but at least Black is only a pawn down.}) 24. fxg4 Qxh2+ 25. Kf2 Rf8+ ({
Nothing changes} 25... Rf6+ 26. Ke1 Rxf1+ 27. Qxf1 Qg3+ 28. Kd2 $18) 26. Ke3
$18 {The king feels quite safely in the centre! Black is unable to create any
threats, so he remains a piece down.} Rhf6 27. Rxf6 Rxf6 28. Kd2 Qh6+ (28...
Rf2+ 29. Kc1 Qf4+ 30. Kb1 $18) 29. Qe3 Rf2+ 30. Kd3 Qh4 31. Rh1 ({After} 31.
Rh1 Qxh1 32. Qxf2 $18 {white is just a piece up.}) 1-0